|
|
|
|
| LEADER |
01083pam a22003018a 4500 |
| 001 |
00023211 |
| 005 |
20171026081022.0 |
| 008 |
110614s1978 ||||||Viesd |
| 041 |
0 |
# |
|a Vie
|
| 082 |
1 |
4 |
|a 495.922
|b GI108TR
|
| 100 |
0 |
# |
|a Trịnh Mạnh
|
| 245 |
0 |
0 |
|a Giáo trình Tiếng Việt
|b Sách bồi dưỡng giáo viên
|c Trịnh Mạnh, Nguyễn Huy Đàn
|n T.1
|
| 250 |
# |
# |
|a In lại lần thứ 3
|
| 260 |
# |
# |
|a H.
|b Giáo dục
|c 1978
|
| 300 |
# |
# |
|a 157 tr.
|c 21 cm.
|
| 500 |
# |
# |
|a ĐTTS ghi: Bộ Giáo dục. Cục đào tạo và bồi dưỡng
|
| 653 |
# |
# |
|a Chữ viết
|
| 653 |
# |
# |
|a Ngữ pháp
|
| 653 |
# |
# |
|a Từ vựng
|
| 653 |
# |
# |
|a Tiếng nói
|
| 653 |
# |
# |
|a Tiếng Việt
|
| 653 |
# |
# |
|a Ngữ âm
|
| 700 |
0 |
# |
|a Nguyễn Huy Đàn
|e Biên soạn
|
| 852 |
# |
# |
|j KD.0009783
|b Kho đọc
|
| 852 |
# |
# |
|j KD.0009783
|
| 852 |
# |
# |
|b Kho giáo trình
|j KGT.0021937, KGT.0021938, KGT.0021939
|
| 910 |
0 |
# |
|a Phương
|d 14/06/2011
|
| 980 |
# |
# |
|a Trung tâm Học liệu Lê Vũ Hùng, Trường Đại học Đồng Tháp
|